01700nam a2200265 i 4500003000900000005001700009006001900026007000300045008004100048020001500089040003000104082002500134100005000159245012600209264003700335300006700372336002800439337003300467338002800500490001500528500007300543500003400616505075700650700002701407DO-SdBNP20240415143840.0a||||gr|||| 00| 0 ta240415e1996 dr ahc|| |||| 00| e spa d a8484002055 aDO-SdBNPbspacBNPHUerda 4222a324.97293bN964t1 aNúñez Collado, Agripinod1933-2022eautor10aTestigo de una crisis ... diez años después /cMonseñor Agripino Núñez Collado; Cuidado edición, Angel Peña 4aSanto Domingo :bPUCMM,c©1996. a220 páginas :bIlustraciones, facsímil, retratos ;c23 cm. 2rdacontentatexto btxt 2rdamediaasin mediaciónbn 2rdacarrieravolumenbnc aDocumentos aIncluye datos biográficos del autor en la solapa de las cubiertas. ancluye índice Onomástico. aPresentación por su Eminencia Reverendísima Nicolás de Jesús Cardenal López Rodríguez.tMi propósito.-- Antecedentes.-- Reunión en la casa del Arzobispo.-- Apoyo Público.-- Decreto 383-86.-- La Iglesia y la sociedad Civil.-- Inicio de los Trabajos.-- La Junta Central Electoral.--Quejas de los Partidos.-- Las Alianzas.-- Vísperas del 16 de Mayo.-- Los Candidatos.-- El 16 de Mayo.-- Inicio del Conteo de los Votos.-- "El Pueblo Dominicano ha hablado".-- "La Noche Rondón".-- Entrevista con Jacobo Majluta.-- Entrevista con Jorge Blanco.-- Resultados Finales.--tBoletín 27.-- La Actitud de Jacobo Majluta.-- Espistolario de Majluta.-- El Presidente del Senado.-- Conclusiones.-- Cronología.-- Anexos.-- Índice Onomástico.1 aPeña, Angel,eeditor